Kétezer szó a munkásokhoz, földművesekhez, hivatalnokokhoz, tudósokhoz, művészekhez és mindenkihez

Bibliographic Details
Main Author: Vaculík, Ludvík, 1926-2015 (Author)
Other Authors: Kovács, László G., 1961- (Translator)
Format: Article
Language:Slovak
Hungarian
Czech
PhysicalDescription:Obr.
ISSN:1335-1826
Subjects:

MARC

LEADER 00000nab a2200000 a 4500
001 vtls009357472
003 SK-MaSNL
005 20260304152724.0
008 250506c2008 xo |||||||b| |000 b|slo
015 |a SNBRB2008/11  |2 snkbucl 
035 |a (uuid)ba10c41d-259f-4ccf-a2e4-9986e78433e5 
035 |a urn:nbn:sk:snk-ab1wr5 
035 |a (urnnbn)urn:nbn:sk:snk:ar-a015a4 
038 |a SNKBUCL 
040 |a SNKBUCL  |b slo  |c SNKBUCL  |e AACR2 
041 1 |a hun  |h cze 
044 |a xo  |c SK 
080 |a 821.162.3-4=511.141  |2 1997 
100 1 |a Vaculík, Ludvík,  |d 1926-2015  |4 aut  |9 56706 
245 1 0 |a Kétezer szó a munkásokhoz, földművesekhez, hivatalnokokhoz, tudósokhoz, művészekhez és mindenkihez  |c Ludvík Vaculík ; fordította G. Kovács László 
300 |b Obr. 
504 |a Bibliogr. odkazy 
650 0 7 |a české eseje  |2 snkbucl  |9 524837 
651 7 |a Československo  |x udalosti  |y 1968-  |2 snkbucl  |9 1475224 
700 1 |a Kovács, László G.,  |d 1961-  |4 trl  |9 110597 
773 0 |t Kalligram : művészet és gondolat  |g Évf. XVII, sz. július-augusztus (2008), o. 83-79-82  |x 1335-1826 
850 |a Slovenská národná knižnica 
852 |a Slovenská národná knižnica 
958 |a article27 
958 |a OND 
958 |a HU 
958 |a LX 
958 |a CZ 
958 |a NB 
958 |a EUIPO 
999 |c 2950680  |d 2952610